MARC details
| 000 -CABECERA |
| campo de control de longitud fija |
02344nam a2200349 a 4500 |
| 001 - NÚMERO DE CONTROL |
| campo de control |
000042869 |
| 003 - IDENTIFICADOR DEL NÚMERO DE CONTROL |
| campo de control |
DO-SdBNP |
| 005 - FECHA Y HORA DE LA ÚLTIMA TRANSACCIÓN |
| campo de control |
20221213142627.0 |
| 008 - DATOS DE LONGITUD FIJA--INFORMACIÓN GENERAL |
| campo de control de longitud fija |
140211s2011 sp 000 0 spa d |
| 020 ## - NÚMERO INTERNACIONAL ESTÁNDAR DEL LIBRO |
| Número Internacional Estándar del Libro |
9788497843270 |
| 040 ## - FUENTE DE LA CATALOGACIÓN |
| Centro catalogador/agencia de origen |
DO-SdBNP |
| Lengua de catalogación |
spa |
| Centro/agencia transcriptor |
BNPHU |
| 082 #4 - NÚMERO DE LA CLASIFICACIÓN DECIMAL DEWEY |
| Número de clasificación |
305.8 |
| Número de documento/Ítem |
C748i |
| Número de edición |
22 |
| 245 00 - MENCIÓN DE TÍTULO |
| Título |
Conflictos Interculturales. / |
| Mención de responsabilidad, etc. |
coordinación, Néstor García Canclini ; José Luis Brea ... [et al.] |
| 260 ## - PUBLICACIÓN, DISTRIBUCIÓN, ETC. |
| Lugar de publicación, distribución, etc. |
Barcelona, España : |
| Nombre del editor, distribuidor, etc. |
Gedisa, |
| Fecha de publicación, distribución, etc. |
2011. |
| 300 ## - DESCRIPCIÓN FÍSICA |
| Extensión |
179 p. ; |
| Dimensiones |
23 cm. |
| 490 0# - MENCIÓN DE SERIE |
| Mención de serie |
Cultura |
| 500 ## - NOTA GENERAL |
| Nota general |
Los textos contenidos en esta obra están compuestos por las conferencias y las discuciones que se realizaron en la Ciudad de México el 25 y 26 de junio de 2007. La publicación de esta obra ha sido posible gracias al Centro cultural España de México (AECID), auspiciante de dicho encuentro" |
| 505 ## - NOTA DE CONTENIDO CON FORMATO |
| Nota de contenido con formato |
prefacio -- |
| Título |
1. Literatura: cómo se narran los cruces interculturales -- |
| -- |
En construcción. Identidad y ficción en algunas novelas de hoy. / |
| Mención de responsabilidad |
Graciela Speranza -- |
| Título |
Identidades fronterizas / |
| Mención de responsabilidad |
Juan Villoro -- |
| Título |
Diálogo -- |
| -- |
2. Las artes cómo parte de la cultura visual globalizada -- |
| Mención de responsabilidad |
La muerte del arte y la muerte del arte / |
| -- |
José Luis Brea |
| Título |
Inundaciones. |
| Mención de responsabilidad |
Cuauhetémoc Medina -- |
| Título |
Diálogo -- |
| -- |
3. ¿Qué puede decir la antropología sobre los nuevos conflictos interculturales? |
| Mención de responsabilidad |
La antropología y los conflictos interculturales / |
| -- |
Manuel Gutiérrez Estévez -- |
| Título |
De la diversidad la interculturalidad / |
| Mención de responsabilidad |
Néstor García Canclini -- |
| Título |
Diálogo -- |
| -- |
4. Comunicación entre hispanohablantes : mercados y políticas culturales. |
| -- |
Comunicación entre hispanohablantes : España, América Latina, y estados Unidos. Emili Prado. |
| -- |
Hacia un espacio un espacio audiovisual iberoamericano / |
| Mención de responsabilidad |
Enrique E. Sánchez Ruiz -- |
| Título |
Diálogo -- |
| -- |
Notas sobre los autores. |
| 590 ## - NOTA LOCAL (RLIN) |
| Nota local |
Inventariado, 2022/MFF |
| 650 #4 - PUNTO DE ACCESO ADICIONAL DE MATERIA--TÉRMINO DE MATERIA |
| Término de materia o nombre geográfico como elemento de entrada |
Conflictos culturales |
| 9 (RLIN) |
33623 |
| 700 1# - PUNTO DE ACCESO ADICIONAL--NOMBRE DE PERSONA |
| Nombre de persona |
García Canclini, Néstor |
| Término indicativo de función/relación |
coord. |
| 9 (RLIN) |
47588 |
| 700 1# - PUNTO DE ACCESO ADICIONAL--NOMBRE DE PERSONA |
| Nombre de persona |
Brea, José Luis |
| Término indicativo de función/relación |
coord. |
| 9 (RLIN) |
70276 |
| 700 1# - PUNTO DE ACCESO ADICIONAL--NOMBRE DE PERSONA |
| Nombre de persona |
Gutiérrez Estévez, Manuel |
| 9 (RLIN) |
70277 |
| 700 1# - PUNTO DE ACCESO ADICIONAL--NOMBRE DE PERSONA |
| Nombre de persona |
Medina, Cuauhtémoc |
| 9 (RLIN) |
70278 |
| 700 1# - PUNTO DE ACCESO ADICIONAL--NOMBRE DE PERSONA |
| Nombre de persona |
Prado, Emili |
| 9 (RLIN) |
70279 |
| 700 1# - PUNTO DE ACCESO ADICIONAL--NOMBRE DE PERSONA |
| Nombre de persona |
Sánchez Ruiz, Enrique |
| 9 (RLIN) |
70280 |
| 700 1# - PUNTO DE ACCESO ADICIONAL--NOMBRE DE PERSONA |
| Nombre de persona |
Speranza, Graciela |
| 9 (RLIN) |
70281 |
| 700 1# - PUNTO DE ACCESO ADICIONAL--NOMBRE DE PERSONA |
| Nombre de persona |
Villoro, Juan |
| 9 (RLIN) |
70282 |
| 830 #0 - PUNTO DE ACCESO ADICIONAL DE SERIE-TÍTULO UNIFORME |
| Título uniforme |
Cultura |
| 9 (RLIN) |
56064 |
| 910 ## - DATOS DE OPCIÓN DEL USUARIO (OCLC) |
| Datos de opción del usuario |
Inventariado, 2022/Validado, 2022/MFF |
| 942 ## - ELEMENTOS DE PUNTO DE ACCESO ADICIONAL (KOHA) |
| Fuente del sistema de clasificación o colocación |
Dewey Decimal Classification |
| Tipo de ítem Koha |
Libro |